| 000 | 00716 a2200205 4500 | ||
|---|---|---|---|
| 020 | _a0-335-19094-4 | ||
| 040 |
_aDLC _bDLC |
||
| 082 | _a370.78 | ||
| 082 | _a370.78 | ||
| 100 | 1 | _aBell, Judith | |
| 245 | 0 | 0 |
_aDoing your research project: a guide for first-time researchers in education and social science _ba guide for first-time researchers in education and social science _cJudith Bell |
| 250 | _a3rd ed. | ||
| 260 |
_aBuckingham : _bOpen University Press, _c1993 |
||
| 300 |
_axii,176p : _bill ; _c22cm |
||
| 600 | _aUnited States--Foreign relations--Collections | ||
| 650 | 7 |
_aEducation _xResearch |
|
| 650 | 7 |
_aSocial sciences _xResearch _xMethodology |
|
| 650 | 7 | _aMethodology | |
| 942 |
_cBK _k300.72 BEL _2ddc |
||
| 999 |
_c7143 _d7143 |
||